00731nam a22002177a 450000500170000001000130001702000260003003500130005603700160006904000120008508200130009724501160011026000330022627000620025930000230032150000420034465000620038665000210044870000230046970000210049220170124110039.0 aB-129088 c750.00a9788178240565 aB-129088 bCen Lib/Ret aDPLbEN a809bIND aIndia's literary history :cedited by Stuart Blackburn [and] Vasudha Dalmiabessays on the Nineteenth century / aDelhibPermanent Blackc2004 bDelhiaD-28 Oxford Apartments, 11, I.P. Extensione110092 axi,515p.c23cm(Hb) aIncludes bibliographical references  aIndic literature -- 19th century -- History and criticism aIndic literature aBlackburn, Stuart  aDalmia, Vasudha